| 000 | 00625nam a2200217Ia 4500 | ||
|---|---|---|---|
| 003 | OSt | ||
| 005 | 20230331123108.0 | ||
| 008 | 210423s2016 xx 000 0 und d | ||
| 020 | _a978-81-219-0627-2 | ||
| 040 | _cAL | ||
| 041 | _aeng | ||
| 082 |
_a581.1 _223 _bVERT |
||
| 100 |
_aVERMA (S K);VERMA (Mohit) _980893 |
||
| 245 | _aTextbook of plant physiology biochemistry and biotechnology | ||
| 260 |
_aNew Delhi _bS Chand & Company Ltd _c2016 |
||
| 300 |
_axiv,114 _bPB |
||
| 365 |
_b475 _cINR |
||
| 650 |
_aBotany _980894 |
||
| 906 | _abiochemistry ; biotechnology ; physiology ; plant ; Textbook | ||
| 942 |
_2ddc _cBK |
||
| 999 |
_c168930 _d168930 |
||